[Event "Antwerp League-ch Series A"]
[Site "Deurne"]
[Date "1987.02.22"]
[Round "9"]
[White "Huyck, Walter"]
[Black "Klomp, Hans"]
[Result "1/2-1/2"]
[WhiteElo "2037"]
[BlackElo "1922"]
[PlyCount "57"]
[EventDate "1986.10.26"]
[EventType "tourn"]
[EventRounds "9"]
[EventCountry "BEL"]
[SourceTitle "EXT 2021"]
[Source "ChessBase"]
[SourceDate "2020.10.23"]
[SourceVersion "1"]
[SourceVersionDate "2020.10.23"]
[SourceQuality "1"]

1. d4 Nf6 2. c4 e6 3. Nc3 Bb4 4. Bd2 b6 5. f3 Nh5 6. g3 f5 7. Nh3 a5 8. Bg2 Ba6 9. b3 Nf6 10. e4 fxe4 11. fxe4 Bb7 12. Nf2 0-0 13. 0-0 Qe7 14. e5 Bxg2 15. exf6 Qxf6 16. Kxg2 Qxd4 17. Nce4 Rxf2+ 18. Rxf2 Qxe4+ 19. Qf3 Qxf3+ 20. Kxf3 Bxd2 21. Rxd2 Nc6 22. Ke4 d6 23. Rf1 Ne5 24. h3 Re8 25. Rdf2 Nd7 26. Kd4 Ne5 27. a3 h6 28. Kc3 Ra8 29. Kd4 1/2-1/2

[Event "Antwerp League-ch Series A"]
[Site "Deurne"]
[Date "1987.02.08"]
[Round "7"]
[White "Klomp, Hans"]
[Black "Van Soom, Herman"]
[Result "0-1"]
[WhiteElo "1922"]
[BlackElo "2002"]
[PlyCount "70"]
[EventDate "1986.10.26"]
[EventType "tourn"]
[EventRounds "9"]
[EventCountry "BEL"]
[SourceTitle "EXT 2021"]
[Source "ChessBase"]
[SourceDate "2020.10.23"]
[SourceVersion "1"]
[SourceVersionDate "2020.10.23"]
[SourceQuality "1"]

1. d4 Nf6 2. Nf3 g6 3. c4 c5 4. d5 b5 5. Bg5 Ne4 6. Bf4 Qa5+ 7. Nfd2 Bg7 8. Qc2 f5 9. f3 Nd6 10. Nc3 Nxc4 11. Nxc4 bxc4 12. e4 fxe4 13. fxe4 0-0 14. Be3 Ba6 15. Be2 d6 16. Bg4 Bb5 17. Qd2 Bd7 18. Bf3 Na6 19. 0-0 Nb4 20. Be2 Nd3 21. Bxd3 cxd3 22. Qxd3 Qb4 23. Qd2 Rab8 24. Rxf8+ Bxf8 25. b3 Bg7 26. Rc1 a5 27. Bg5 Qd4+ 28. Kh1 Qxd2 29. Bxd2 Ra8 30. Ne2 Bb2 31. Rc2 Ba3 32. Nc3 Bb4 33. Bg5 Rf8 34. Kg1 c4 35. Bxe7 Bc5+ 0-1